<?xml version="1.0" encoding="UTF-8"?>
<record
    xmlns:xsi="http://www.w3.org/2001/XMLSchema-instance"
    xsi:schemaLocation="http://www.loc.gov/MARC21/slim http://www.loc.gov/standards/marcxml/schema/MARC21slim.xsd"
    xmlns="http://www.loc.gov/MARC21/slim">

  <leader>00306nam a22001337a 4500</leader>
  <datafield tag="999" ind1=" " ind2=" ">
    <subfield code="c">54943</subfield>
    <subfield code="d">54943</subfield>
  </datafield>
  <controlfield tag="008">190927b           ||||| |||| 00| 0 eng d9780073028262</controlfield>
  <datafield tag="041" ind1=" " ind2=" ">
    <subfield code="a">eng</subfield>
  </datafield>
  <datafield tag="080" ind1=" " ind2=" ">
    <subfield code="2">6th</subfield>
    <subfield code="a">57</subfield>
  </datafield>
  <datafield tag="082" ind1=" " ind2=" ">
    <subfield code="a">57</subfield>
  </datafield>
  <datafield tag="100" ind1=" " ind2=" ">
    <subfield code="a">11</subfield>
  </datafield>
  <datafield tag="101" ind1=" " ind2=" ">
    <subfield code="a">BIO</subfield>
  </datafield>
  <datafield tag="245" ind1=" " ind2=" ">
    <subfield code="a">Biology of the Invertebrates</subfield>
    <subfield code="c">Pechenik.J.A</subfield>
  </datafield>
  <datafield tag="942" ind1=" " ind2=" ">
    <subfield code="2">udc</subfield>
    <subfield code="c">BK</subfield>
  </datafield>
  <datafield tag="952" ind1=" " ind2=" ">
    <subfield code="0">0</subfield>
    <subfield code="1">0</subfield>
    <subfield code="2">udc</subfield>
    <subfield code="4">0</subfield>
    <subfield code="7">0</subfield>
    <subfield code="8">P&#xCB;KG</subfield>
    <subfield code="a">004</subfield>
    <subfield code="b">004</subfield>
    <subfield code="c">P&#xCB;KG</subfield>
    <subfield code="d">2019-09-27</subfield>
    <subfield code="l">0</subfield>
    <subfield code="o">57 PECH</subfield>
    <subfield code="p">002-4000001</subfield>
    <subfield code="r">2019-09-27</subfield>
    <subfield code="w">2019-09-27</subfield>
    <subfield code="y">BK</subfield>
  </datafield>
  <datafield tag="952" ind1=" " ind2=" ">
    <subfield code="0">0</subfield>
    <subfield code="1">0</subfield>
    <subfield code="2">udc</subfield>
    <subfield code="4">0</subfield>
    <subfield code="7">0</subfield>
    <subfield code="8">P&#xCB;KG</subfield>
    <subfield code="a">004</subfield>
    <subfield code="b">004</subfield>
    <subfield code="c">P&#xCB;KG</subfield>
    <subfield code="d">2019-09-27</subfield>
    <subfield code="l">0</subfield>
    <subfield code="o">57 PECH</subfield>
    <subfield code="p">002-4000006</subfield>
    <subfield code="r">2019-09-27</subfield>
    <subfield code="w">2019-09-27</subfield>
    <subfield code="y">BK</subfield>
  </datafield>
  <datafield tag="952" ind1=" " ind2=" ">
    <subfield code="0">0</subfield>
    <subfield code="1">0</subfield>
    <subfield code="2">udc</subfield>
    <subfield code="4">0</subfield>
    <subfield code="7">0</subfield>
    <subfield code="8">P&#xCB;KG</subfield>
    <subfield code="a">004</subfield>
    <subfield code="b">004</subfield>
    <subfield code="c">P&#xCB;KG</subfield>
    <subfield code="d">2019-09-27</subfield>
    <subfield code="l">0</subfield>
    <subfield code="o">57 PECH</subfield>
    <subfield code="p">002-4000011</subfield>
    <subfield code="r">2019-09-27</subfield>
    <subfield code="w">2019-09-27</subfield>
    <subfield code="y">BK</subfield>
  </datafield>
  <datafield tag="952" ind1=" " ind2=" ">
    <subfield code="0">0</subfield>
    <subfield code="1">0</subfield>
    <subfield code="2">udc</subfield>
    <subfield code="4">0</subfield>
    <subfield code="7">0</subfield>
    <subfield code="8">P&#xCB;KG</subfield>
    <subfield code="a">004</subfield>
    <subfield code="b">004</subfield>
    <subfield code="c">P&#xCB;KG</subfield>
    <subfield code="d">2019-09-27</subfield>
    <subfield code="l">0</subfield>
    <subfield code="o">57 PECH</subfield>
    <subfield code="p">002-4000016</subfield>
    <subfield code="r">2019-09-27</subfield>
    <subfield code="w">2019-09-27</subfield>
    <subfield code="y">BK</subfield>
  </datafield>
  <datafield tag="952" ind1=" " ind2=" ">
    <subfield code="0">0</subfield>
    <subfield code="1">0</subfield>
    <subfield code="2">udc</subfield>
    <subfield code="4">0</subfield>
    <subfield code="7">0</subfield>
    <subfield code="8">P&#xCB;KG</subfield>
    <subfield code="a">004</subfield>
    <subfield code="b">004</subfield>
    <subfield code="c">P&#xCB;KG</subfield>
    <subfield code="d">2019-09-27</subfield>
    <subfield code="l">0</subfield>
    <subfield code="o">57 PECH</subfield>
    <subfield code="p">002-4000021</subfield>
    <subfield code="r">2019-09-27</subfield>
    <subfield code="w">2019-09-27</subfield>
    <subfield code="y">BK</subfield>
  </datafield>
  <datafield tag="952" ind1=" " ind2=" ">
    <subfield code="0">0</subfield>
    <subfield code="1">0</subfield>
    <subfield code="2">udc</subfield>
    <subfield code="4">0</subfield>
    <subfield code="7">0</subfield>
    <subfield code="8">P&#xCB;KG</subfield>
    <subfield code="a">004</subfield>
    <subfield code="b">004</subfield>
    <subfield code="c">P&#xCB;KG</subfield>
    <subfield code="d">2019-09-27</subfield>
    <subfield code="l">0</subfield>
    <subfield code="o">57 PECH</subfield>
    <subfield code="p">002-4000026</subfield>
    <subfield code="r">2019-09-27</subfield>
    <subfield code="w">2019-09-27</subfield>
    <subfield code="y">BK</subfield>
  </datafield>
  <datafield tag="952" ind1=" " ind2=" ">
    <subfield code="0">0</subfield>
    <subfield code="1">0</subfield>
    <subfield code="2">udc</subfield>
    <subfield code="4">0</subfield>
    <subfield code="7">0</subfield>
    <subfield code="8">P&#xCB;KG</subfield>
    <subfield code="a">004</subfield>
    <subfield code="b">004</subfield>
    <subfield code="c">P&#xCB;KG</subfield>
    <subfield code="d">2019-09-27</subfield>
    <subfield code="l">0</subfield>
    <subfield code="o">57 PECH</subfield>
    <subfield code="p">002-4000031</subfield>
    <subfield code="r">2019-09-27</subfield>
    <subfield code="w">2019-09-27</subfield>
    <subfield code="y">BK</subfield>
  </datafield>
  <datafield tag="952" ind1=" " ind2=" ">
    <subfield code="0">0</subfield>
    <subfield code="1">0</subfield>
    <subfield code="2">udc</subfield>
    <subfield code="4">0</subfield>
    <subfield code="7">0</subfield>
    <subfield code="8">P&#xCB;KG</subfield>
    <subfield code="a">004</subfield>
    <subfield code="b">004</subfield>
    <subfield code="c">P&#xCB;KG</subfield>
    <subfield code="d">2019-09-27</subfield>
    <subfield code="l">0</subfield>
    <subfield code="o">57 PECH</subfield>
    <subfield code="p">002-4000036</subfield>
    <subfield code="r">2019-09-27</subfield>
    <subfield code="w">2019-09-27</subfield>
    <subfield code="y">BK</subfield>
  </datafield>
  <datafield tag="952" ind1=" " ind2=" ">
    <subfield code="0">0</subfield>
    <subfield code="1">0</subfield>
    <subfield code="2">udc</subfield>
    <subfield code="4">0</subfield>
    <subfield code="7">0</subfield>
    <subfield code="8">P&#xCB;KG</subfield>
    <subfield code="a">004</subfield>
    <subfield code="b">004</subfield>
    <subfield code="c">P&#xCB;KG</subfield>
    <subfield code="d">2019-09-27</subfield>
    <subfield code="l">0</subfield>
    <subfield code="o">57 PECH</subfield>
    <subfield code="p">002-4000041</subfield>
    <subfield code="r">2019-09-27</subfield>
    <subfield code="w">2019-09-27</subfield>
    <subfield code="y">BK</subfield>
  </datafield>
  <datafield tag="952" ind1=" " ind2=" ">
    <subfield code="0">0</subfield>
    <subfield code="1">0</subfield>
    <subfield code="2">udc</subfield>
    <subfield code="4">0</subfield>
    <subfield code="7">0</subfield>
    <subfield code="8">P&#xCB;KG</subfield>
    <subfield code="a">004</subfield>
    <subfield code="b">004</subfield>
    <subfield code="c">P&#xCB;KG</subfield>
    <subfield code="d">2019-09-27</subfield>
    <subfield code="l">0</subfield>
    <subfield code="o">57 PECH</subfield>
    <subfield code="p">002-4000046</subfield>
    <subfield code="r">2019-09-27</subfield>
    <subfield code="w">2019-09-27</subfield>
    <subfield code="y">BK</subfield>
  </datafield>
</record>
